Hệ thống kế toán doanh nghiệp : ( sửa đổi bổ sung )

Sách hướng dẫn về chứng từ kế toán, sổ sách kế toán, tài khoản kế toán và báo cáo tài chính trong hệ thống kế toán doanh nghiệp mới

Đã lưu trong:
Bibliografiske detaljer
Format: Bog
Sprog:Undetermined
Udgivet: Hà Nội Tài Chính 1997
Fag:
Tags: Tilføj Tag
Ingen Tags, Vær først til at tagge denne postø!
Thư viện lưu trữ: Trung tâm Học liệu Trường Đại học Cần Thơ
LEADER 00739nam a2200181Ia 4500
001 CTU_153762
008 210402s9999 xx 000 0 und d
082 |a 657 
082 |b H250 
245 0 |a Hệ thống kế toán doanh nghiệp : 
245 0 |b ( sửa đổi bổ sung ) 
260 |a Hà Nội 
260 |b Tài Chính 
260 |c 1997 
520 |a Sách hướng dẫn về chứng từ kế toán, sổ sách kế toán, tài khoản kế toán và báo cáo tài chính trong hệ thống kế toán doanh nghiệp mới 
650 |a Managerial accounting,Quản lí kế toán 
904 |i QHieu 
980 |a Trung tâm Học liệu Trường Đại học Cần Thơ